|
|
|
|
| LEADER |
00000nab a2200000 a 4500 |
| 001 |
vtls001504223 |
| 003 |
SK-MaSNL |
| 005 |
20260305011646.0 |
| 008 |
141024s1996 xo 000 0 slo |
| 035 |
|
|
|a SPKCL6550
|
| 040 |
|
|
|a SPKCL
|b slo
|c SNKBUCL
|d ÚIP-SPK(DH)
|e AACR2
|
| 041 |
|
|
|a slo
|
| 044 |
|
|
|a xo
|c SK
|
| 080 |
|
|
|a 37.01:504.03:159.9
|2 1981
|
| 100 |
1 |
|
|a Naništová, Eva,
|d 1959-
|4 aut
|9 196966
|
| 245 |
1 |
0 |
|a Obsah a stratégie environmentálnej výchovy súčasného človeka ako psychologický problém
|c E. Naništová; Z. Rijáková
|
| 520 |
|
|
|a Chápanie ekologickej a environmentálnej výchovy v literatúre. Procesuálny charakter environmentálnej výchovy. Psychologické komponenty environmentálnej výchovy.
|
| 650 |
0 |
7 |
|a environmentálna výchova a vzdelávanie
|2 snkbucl
|9 67556
|
| 650 |
0 |
7 |
|a ochrana životného prostredia
|2 snkbucl
|9 3352
|
| 650 |
0 |
7 |
|a životné prostredie
|2 snkbucl
|9 786
|
| 700 |
1 |
1 |
|a Rijáková, Z.
|4 aut
|9 1270635
|
| 773 |
1 |
|
|t Súčasný človek, jeho psychické problémy a možnosti riešenia. Folia Psychologica Tyrnaviensis,
|g Katedra psychológie Fakulty humanistiky Trnavskej univerzity s. 63-72
|
| 850 |
|
|
|a Slovenská pedagogická knižnica Bratislava
|
| 852 |
|
|
|a SPKCL
|b KIS3GCP
|b 000710000
|n SK
|
| 999 |
|
|
|c 3254103
|d 3256033
|